Province della Lombardia per Popolazione - Statistics

Statistiche generali
  • Questo quiz è stato fatto 90 volte
  • Il punteggio medio è 11 su 12
Statistiche sulle risposte
Popolazione (ab.) Provincia o Città metropolitana % Corretto
3 267 873 Città metropolitana di Milano
100%
1 265 954 Provincia di Brescia
97%
1 114 590 Provincia di Bergamo
95%
599 204 Provincia di Como
90%
873 935 Provincia di Monza e Brianza
88%
890 768 Provincia di Varese
88%
358 955 Provincia di Cremona
86%
181 095 Provincia di Sondrio
86%
545 888 Provincia di Pavia
85%
33 7380 Provincia di Lecco
83%
412 292 Provincia di Mantova
83%
230 198 Provincia di Lodi
81%
Nessun quiz corrispondente trovato
Distribuzione punteggi
Percentuale di utenti per punteggio
Percentile per numero di risposta
I tuoi punteggi nel tempo
Non hai fatto questo quiz